| 000 | 03815nam a22002537a 4500 | ||
|---|---|---|---|
| 005 | 20250806101830.0 | ||
| 008 | 250117b ||||| |||| 00| 0 eng d | ||
| 020 | _a9788197779893 | ||
| 040 | _cAL | ||
| 041 | _aKannada | ||
| 082 |
_223 _a915.48K _bBUCB |
||
| 100 |
_aFrancis Buchanan-Hamilton _9234180 |
||
| 100 |
_bಫ್ರಾನ್ಸಿಸ್ ಬುಕ್ಯಾನನ್ - ಹ್ಯಾಮಿಲ್ಟನ್ _9207726 |
||
| 245 |
_aBuchannan Pravaasa _b: ಬುಕ್ಯಾನನ್ ಪ್ರವಾಸ |
||
| 260 |
_bNavakarnataka Publications Private Limited _aBengaluru _c2024 |
||
| 300 |
_a368p _bPB _c22x14cm |
||
| 365 |
_aBLCR-000068 _b₹316.00 _c₹ _d₹395.00 _e20% _f13-01-2025 |
||
| 520 | _aಬುಕಾನನ್ ಪ್ರವಾಸ ಫ್ರಾನ್ಸಿಸ್ ಬುಕ್ಯಾನನ್-ಹ್ಯಾಮಿಲ್ಟನ್ (ಕ್ರಿ.ಶ.1762-1829) ಸ್ಕಾಟ್ಲ್ಯಾಂಡಿನ ವೈದ್ಯ, ಭೂಗೋಳ ಶಾಸ್ತ್ರಜ್ಞ, ಸಸ್ಯಶಾಸ್ತ್ರಜ್ಞ ಮತ್ತು ಜೀವಶಾಸ್ತ್ರಜ್ಞನಾಗಿ ಕಾರ್ಯ ನಿರ್ವಹಿಸಿದವನು. ಬಾಂಬೆ ಹಾಗೂ ಚೀನಾಗಳಲ್ಲಿ ಕಾರ್ಯ ನಿರ್ವಹಿಸಿದ ನಂತರ ಆತ ಕೋಲ್ಕತ್ತಾದಲ್ಲಿ ಬಂಗಾಳ ಪ್ರೆಸಿಡೆನ್ಸಿಯ ವೈದ್ಯಕೀಯ ಸೇವೆಗೆ ನಿಯೋಜಿತನಾಗಿದ್ದ. ಬುಕ್ಯಾನನ್ ಭಾರತದಲ್ಲಿ ಎರಡು ಸಮೀಕ್ಷೆಗಳನ್ನು ಮಾಡುತ್ತಾನೆ. ಕ್ರಿ.ಶ.1800ರಲ್ಲಿ ಮೈಸೂರು ಮತ್ತು ಕ್ರಿ.ಶ.1807-14ರಲ್ಲಿ ಬಂಗಾಳ ಪ್ರಾಂತ್ಯಗಳಲ್ಲಿ ಸಮೀಕ್ಷೆ ಮಾಡಿದ್ದ. ಈ ವರದಿಗಳ ನಡುವಿನ ಅವಧಿಯಲ್ಲಿ (ಕ್ರಿ.ಶ.1803-04) ಭಾರತದ - ಗವರ್ನರ್ ಜನರಲ್ ಆಗಿದ್ದ ಲಾರ್ಡ್ ವೆಲ್ಲೆಸ್ಲಿಯ ಖಾಸಗೀ ಸರ್ಜನ್ ಆಗಿ ಕೂಡ ಕೆಲಸ ಮಾಡಿದ್ದ. ಬುಕ್ಯಾನನ್ ಅನುಭವ ಮತ್ತು ಪ್ರತಿಭೆಯನ್ನು ಕಂಪನಿ ಸರ್ಕಾರ ಪರಿಗಣಿಸಿ ಮೈಸೂರು ಮತ್ತು ಮದ್ರಾಸ್ ಪ್ರಾಂತ್ಯಗಳ ಬಗ್ಗೆ ಕೆಲವು ನಿರ್ದೇಶನಗಳಿಗೆ ಅನುಸಾರವಾಗಿ ಒಂದು ವಿಸ್ತ್ರತ ವರದಿಯನ್ನು ನೀಡಲು ಕೋರುತ್ತದೆ. ಬುಕ್ಯಾನನ್ ನಾಡಿನ ಸ್ಥಳಾಕೃತಿ, ಇತಿಹಾಸ, ಪುರಾತನ ಇಮಾರತುಗಳು, ವಸ್ತುಗಳು, ಧರ್ಮ, ಪ್ರಾಕೃತಿಕ ಸಂಪನ್ಮೂಲಗಳು, ಕೃಷಿ ಪದ್ಧತಿ, ಜನ-ಜೀವನ, ಆಡಳಿತ ಪದ್ಧತಿಗಳು ಮುಂತಾದ ವಿಷಯಗಳ ಬಗ್ಗೆ ಬೆಳಕು ಚೆಲ್ಲಿ ಮುಂದಿನ ಬ್ರಿಟಿಷ್ ಆಡಳಿತಕ್ಕೆ ಅನುವು ಮಾಡಿಕೊಡುವ ಮಹತ್ತಾದ ಹೊಣೆಯನ್ನು ಹೊತ್ತಿರುತ್ತಾನೆ. ಈ ನಿಟ್ಟಿನಲ್ಲಿ ಬುಕ್ಯಾನನ್ ವರದಿಯು ಒಂದು ಅತ್ಯಮೂಲ್ಯ ದಾಖಲೆಯಾಗಿದೆ | ||
| 650 |
_aA Journey from Madras through the countries of Mysore Canara and Malabar _9193883 |
||
| 650 |
_aಮದರಾಸಿನಿಂದ ಮೈಸೂರು ,ಕೆನರಾ ಮತ್ತು ಮಲಬಾರ್ ಪ್ರಾಂತ್ಯಗಳ ಕಡೆಗೆ ಪ್ರಯಾಣ _9193919 |
||
| 700 |
_aLingaraju D S Tr _9193920 |
||
| 700 |
_aಡಿ ಎಸ್ ಲಿಂಗರಾಜು Tr _9193973 |
||
| 942 |
_2ddc _cBK |
||
| 999 |
_c233652 _d233652 |
||